Visualizzazione normale
Vista MARC
- adozione-affido
di Topical Term
Records bibliografici associati: 79
001 - CONTROL NUMBER
- control field: 56263
003 - CONTROL NUMBER IDENTIFIER
- control field: IT-RoPau
005 - DATE AND TIME OF LATEST TRANSACTION
- control field: 20170309154748.0
008 - FIXED-LENGTH DATA ELEMENTS
- fixed length control field: 170309|| aca||aabn | a|a d
040 ## - CATALOGING SOURCE
- Original cataloging agency: IT-RoPau
- Transcribing agency: IT-RoPau
150 ## - HEADING--TOPICAL TERM
- Topical term or geographic name entry element: adozione-affido
670 ## - SOURCE DATA FOUND
- Source citation: Work cat.: (IT-RoPau): Cirillo Stefano 56262, L'affido familiare: misura alternativa all'istituto o all'adozione, 2015